| 000 | 00560nam a2200169Ia 4500 | ||
|---|---|---|---|
| 005 | 20250424120311.0 | ||
| 008 | 250424s9999 xx 000 0 und d | ||
| 022 | _a01891713 | ||
| 050 | _aTP 248.13 .N54/ | ||
| 245 | 0 | _aNigerian journal of biotechnology | |
| 260 | _aPlateau State, Jos | ||
| 260 | _bBiotechnology Society of Nigeria | ||
| 260 | _c1977 | ||
| 300 | _a88 p. ; 29 cm. | ||
| 650 | _aBioengineering--Periodicals Biotechnology--Periodicals. Biochemistry--Chemical Engineering--Periodicals. Biomedical Engineering. Technology. | ||
| 942 | _cSR | ||
| 999 |
_c38534 _d38534 |
||